| 000 | 00540nam a22001937a 4500 | ||
|---|---|---|---|
| 005 | 20230403162219.0 | ||
| 008 | 230403b ||||| |||| 00| 0 eng d | ||
| 040 | _cAL | ||
| 041 | _aEnglish | ||
| 082 |
_223 _a531/195 _bSHRP |
||
| 100 |
_aA Shridhar and others _982816 |
||
| 245 | _aPhysics: A Text Book for Second Year PUC | ||
| 260 |
_aMangalore _bPrathibha Publications _c1998 |
||
| 300 |
_a431 p. _bPB _c21x13 cm. |
||
| 650 |
_aPhysics _982817 |
||
| 700 |
_aSHRIDHAR (A) _982818 |
||
| 700 |
_aSUDHAKAR (D) _982819 |
||
| 942 |
_2ddc _cDB |
||
| 999 |
_c227137 _d227137 |
||